The World Map Spot the Difference - Statistics

General Stats
  • This quiz has been taken 529 times
  • The average score is 9 of 15
Answers on the Map
Answers color-coded by a green-red scale on the quiz's map according to % correct below.
 
Answer Stats
Explanation Answer % Correct
Flipped right Japan
95%
Moved to the left Denmark
90%
Extended to Finland Sweden
84%
Upside Down Cuba
80%
South Sudan Annexed Sudan / South Sudan
75%
Disappeared Taiwan
69%
Annexed Nepal India / Nepal
68%
Moved to Caspian Sea Cyprus
64%
Extended east Seychelles
63%
Kaliningrad annexed Russia / Poland
59%
Moved to the left Australia
57%
Extended north Palau
51%
Baja California Gone Mexico
41%
Moved up Madagascar
30%
Flipped left & upside down Cape Verde
10%
No matching quizzes found
Score Distribution
Percent of People with Each Score
Percentile by Number Answered
Your Score History
You have not taken this quiz